[Event "1st FIDE OWCCCC Pools-East 2021"]
[Site "Online"]
[Date "2021.02.20"]
[Round "5.28"]
[White "Sahasrabudhe, Rajesh"]
[Black "Hande, Namita"]
[Result "1-0"]
[WhiteElo "1622"]
[BlackElo "756"]
[Annotator "NA"]
[PlyCount "61"]
[EventDate "2021.02.19"]
[EventType "team-tourn"]
[EventCountry "NET"]
[SourceTitle "playchess.com"]
[Source "ChessBase"]
[SourceQuality "1"]

1. e4 e5 2. Bc4 Nf6 3. d3 d6 4. h3 Nc6 5. c3 a5 6. a3 h6 7. Qf3 Be7 8. g4 Bd7 9. Ne2 Be6 10. Ng3 O-O 11. g5 h5 12. gxf6 Bxf6 13. Nxh5 g6 14. Nxf6+ Kg7 15. Ng4 Qd7 16. Bh6+ Kg8 17. Bxf8 Rxf8 18. Nf6+ Kg7 19. Nxd7 Bxd7 20. Nd2 Rh8 21. Qxf7+ Kh6 22. Qxd7 Rd8 23. Qg4 Kg7 24. Rg1 Ne7 25. O-O-O Rf8 26. f3 d5 27. exd5 Rf5 28. Ne4 Ng8 29. Qxf5 Nh6 30. Qxg6+ Kh8 31. Qxh6# 1-0

[Event "1st FIDE OWCCCC Pools-East 2021"]
[Site "Online"]
[Date "2021.02.20"]
[Round "5.28"]
[White "Lea Otic, Mahalia"]
[Black "Jindal, Kanica"]
[Result "0-1"]
[WhiteElo "1226"]
[BlackElo "1416"]
[Annotator "NA"]
[PlyCount "106"]
[EventDate "2021.02.19"]
[EventType "team-tourn"]
[EventCountry "NET"]
[SourceTitle "playchess.com"]
[Source "ChessBase"]
[SourceQuality "1"]

1. e4 e5 2. Nf3 Nc6 3. d4 d6 4. d5 Nce7 5. Bd3 c6 6. Nc3 cxd5 7. Nxd5 Nxd5 8. exd5 Nf6 9. Bg5 Be7 10. Bxf6 Bxf6 11. Bb5+ Bd7 12. c4 Bxb5 13. cxb5 Qa5+ 14. Nd2 Qxb5 15. Rc1 Qxd5 16. O-O O-O 17. Qf3 Qxf3 18. Nxf3 Rac8 19. h3 e4 20. Nd2 d5 21. Rxc8 Rxc8 22. b4 Rc2 23. Rd1 Rxa2 24. Nb3 Be5 25. g3 Rb2 26. Rxd5 f6 27. Rd8+ Kf7 28. Rd7+ Ke8 29. Nc5 Rxb4 30. Rxg7 b6 31. Ne6 a5 32. Rxh7 a4 33. Ng7+ Kf8 34. Ne6+ Kg8 35. Ra7 b5 36. Kf1 Rb1+ 37. Ke2 Bd6 38. h4 a3 39. h5 Rb2+ 40. Ke3 a2 41. h6 b4 42. h7+ Kh8 43. f3 b3 44. Nf4 Bc5+ 45. Kxe4 Bxa7 46. Nd3 Re2+ 47. Kf5 a1=Q 48. g4 Qa5+ 49. Kxf6 Kxh7 50. f4 Qd8+ 51. Kf5 Qxd3+ 52. Kg5 Qd8+ 53. Kh5 Rh2# 0-1

[Event "1st FIDE OWCCCC Pools-East 2021"]
[Site "Online"]
[Date "2021.02.20"]
[Round "5.28"]
[White "spike"]
[Black "Vijayapandian, Vishnu kumar"]
[Result "0-1"]
[WhiteElo "1171"]
[BlackElo "1418"]
[Annotator "NA RC"]
[PlyCount "134"]
[EventDate "2021.02.19"]
[EventType "team-tourn"]
[EventCountry "NET"]
[SourceTitle "playchess.com"]
[Source "ChessBase"]
[SourceQuality "1"]

1. e4 e5 2. Nf3 d6 3. Bc4 Be7 4. O-O Nf6 5. Nc3 O-O 6. d3 Nc6 7. Bg5 Bg4 8. h3 Be6 9. Bxe6 fxe6 10. Re1 h6 11. Bh4 Nd4 12. Ne2 Nxf3+ 13. gxf3 Nh5 14. Bxe7 Qxe7 15. Qd2 Rxf3 16. Ng3 Nf4 17. Qe3 Rxe3 18. fxe3 Nxh3+ 19. Kg2 Qh4 20. Rh1 Nf4+ 21. exf4 Qxf4 22. Raf1 Qg5 23. Rf3 Rf8 24. Rxf8+ Kxf8 25. Rf1+ Kg8 26. Kh3 d5 27. Rf2 dxe4 28. dxe4 h5 29. Kh2 h4 30. Nh1 Qe3 31. Rg2 h3 32. Rg3 Qf4 33. Kxh3 Qxe4 34. Rg2 Qf5+ 35. Kh2 e4 36. Kg1 e3 37. Ng3 Qc5 38. Kf1 Qc4+ 39. Kg1 Qxa2 40. Nf1 Qxb2 41. Nxe3 Qd4 42. Kf2 a5 43. Ke2 a4 44. Rg4 Qa7 45. Rg1 b5 46. Ra1 c5 47. c3 a3 48. Nc2 b4 49. cxb4 cxb4 50. Nxb4 Qd4 51. Nc2 Qc4+ 52. Kd2 Qd5+ 53. Kc1 a2 54. Kb2 e5 55. Rxa2 e4 56. Ra1 Qe5+ 57. Ka2 e3 58. Re1 Qd5+ 59. Kb1 Qd2 60. Rxe3 g5 61. Rg3 Qd1+ 62. Kb2 g4 63. Ne1 Qxe1 64. Rxg4+ Kf7 65. Rf4+ Ke6 66. Rf8 Qd2+ 67. Kb3 Ke7 0-1

[Event "1st FIDE OWCCCC Pools-East 2021"]
[Site "Online"]
[Date "2021.02.20"]
[Round "5.28"]
[White "Wendehenne, Pauline"]
[Black "Moaataz, Ayah"]
[Result "0-1"]
[WhiteElo "988"]
[BlackElo "2028"]
[Annotator "NA"]
[PlyCount "62"]
[EventDate "2021.02.19"]
[EventType "team-tourn"]
[EventCountry "NET"]
[SourceTitle "playchess.com"]
[Source "ChessBase"]
[SourceQuality "1"]

1. d4 d5 2. e3 Nf6 3. Nf3 Bf5 4. Be2 e6 5. O-O Bd6 6. b3 Ne4 7. Nbd2 Nc3 8. Qe1 O-O 9. Bb2 Nxe2+ 10. Qxe2 Bxc2 11. Nc4 Bg6 12. Nxd6 cxd6 13. e4 dxe4 14. d5 exf3 15. Qxf3 e5 16. Qc3 Nd7 17. g3 Rc8 18. Qe3 Rc2 19. f4 Rxb2 20. fxe5 Nxe5 21. a4 Rxh2 22. Kxh2 Ng4+ 23. Kg2 Nxe3+ 24. Kf2 Nxf1 25. Kxf1 Qf6+ 26. Ke2 Qxa1 27. Kf2 Qd4+ 28. Kg2 Re8 29. Kh3 Bf5+ 30. Kg2 Re2+ 31. Kf3 Qe3# 0-1

[Event "1st FIDE OWCCCC Pools-East 2021"]
[Site "Online"]
[Date "2021.02.20"]
[Round "5.29"]
[White "Kazakouski, Valery"]
[Black "Dagva, Munkhtur"]
[Result "1-0"]
[WhiteElo "2476"]
[BlackElo "1793"]
[Annotator "ChessBase"]
[PlyCount "63"]
[EventDate "2021.02.19"]
[EventType "team-tourn"]
[EventCountry "NET"]
[SourceTitle "playchess.com"]
[Source "ChessBase"]
[SourceQuality "1"]

1. d4 d6 2. e4 Nf6 3. Nc3 e5 4. Nge2 Nbd7 5. g3 Be7 6. Bg2 c6 7. a4 Qc7 8. O-O O-O 9. h3 b6 10. g4 Bb7 11. f4 exd4 12. Nxd4 Nc5 13. g5 Nfd7 14. Be3 a5 15. Qd2 Ne6 16. Nf5 Ndc5 17. Nxe7+ Qxe7 18. f5 Nc7 19. f6 Qe6 20. fxg7 Rfe8 21. Rf6 Qe7 22. Raf1 Rad8 23. Qf2 Rd7 24. Qh4 N7e6 25. Rh6 Nxg7 26. Rxh7 f5 27. gxf6 Nf5 28. Rh8+ Kf7 29. Qh5+ Ke6 30. Qxf5+ Kf7 31. fxe7+ Kxe7 32. Qf6# 1-0

[Event "1st FIDE OWCCCC Pools-East 2021"]
[Site "Online"]
[Date "2021.02.20"]
[Round "5.29"]
[White "Markin, Dmytro"]
[Black "Podbrdsky, Pavel"]
[Result "1/2-1/2"]
[WhiteElo "2231"]
[BlackElo "2147"]
[Annotator "TA"]
[PlyCount "101"]
[EventDate "2021.02.19"]
[EventType "team-tourn"]
[EventCountry "NET"]
[SourceTitle "playchess.com"]
[Source "ChessBase"]
[SourceQuality "1"]

1. e4 e5 2. Nf3 Nc6 3. d4 exd4 4. Nxd4 Bc5 5. Be3 Qf6 6. c3 Nge7 7. Bc4 Bb6 8. O-O O-O 9. f4 d6 10. Na3 Nxd4 11. Bxd4 Bxd4+ 12. cxd4 d5 13. e5 Qb6 14. Bb3 Nf5 15. Nc2 c5 16. dxc5 Qxc5+ 17. Kh1 Be6 18. Rc1 Rac8 19. Qd2 d4 20. Nb4 Qb6 21. Nd5 Bxd5 22. Bxd5 Ne3 23. Rxc8 Rxc8 24. Rc1 Rxc1+ 25. Qxc1 g6 26. Qc8+ Kg7 27. Bb3 d3 28. Qd7 Qc6 29. Qxf7+ Kh6 30. Qf8+ Kh5 31. Bd1+ Nxd1 32. Qd8 Kh6 33. Qg5+ Kg7 34. Qe7+ Kg8 35. Qd8+ Kf7 36. Qh8 Nf2+ 37. Kg1 Nh3+ 38. gxh3 Qc1+ 39. Kg2 Qd2+ 40. Kg3 Qe3+ 41. Kg2 Qe2+ 42. Kg3 d2 43. Qxh7+ Ke6 44. Qxg6+ Kd5 45. Qd6+ Ke4 46. Qb4+ Kd3 47. Qb5+ Ke3 48. Qc5+ Ke4 49. Qb4+ Ke3 50. Qc5+ Ke4 51. Qb4+ 1/2-1/2

[Event "1st FIDE OWCCCC Pools-East 2021"]
[Site "Online"]
[Date "2021.02.20"]
[Round "5.29"]
[White "Viers, Emmanuel"]
[Black "Stevkov, Ilija"]
[Result "1-0"]
[WhiteElo "2143"]
[BlackElo "1516"]
[Annotator "TA"]
[PlyCount "29"]
[EventDate "2021.02.19"]
[EventType "team-tourn"]
[EventCountry "NET"]
[SourceTitle "playchess.com"]
[Source "ChessBase"]
[SourceQuality "1"]

1. d4 Nf6 2. Nc3 d5 3. Nf3 Bf5 4. Ne5 e6 5. e3 Nbd7 6. g4 Bg6 7. h4 Nxe5 8. dxe5 d4 9. exd4 Nd5 10. Bg2 Nxc3 11. bxc3 f5 12. h5 Bf7 13. Bxb7 Rb8 14. Bc6+ Ke7 15. Bg5# 1-0

[Event "1st FIDE OWCCCC Pools-East 2021"]
[Site "Online"]
[Date "2021.02.20"]
[Round "5.29"]
[White "Kachkachishvili, Lasha"]
[Black "Archbishop"]
[Result "0-1"]
[WhiteElo "1681"]
[BlackElo "2203"]
[Annotator "TA"]
[PlyCount "84"]
[EventDate "2021.02.19"]
[EventType "team-tourn"]
[EventCountry "NET"]
[SourceTitle "playchess.com"]
[Source "ChessBase"]
[SourceQuality "1"]

1. d4 Nf6 2. Nf3 g6 3. c4 Bg7 4. g3 d6 5. Bg2 O-O 6. O-O Nc6 7. d5 Na5 8. Nfd2 c5 9. Nc3 Bd7 10. Qc2 a6 11. a4 Qc7 12. b3 Rfb8 13. Bb2 b5 14. axb5 axb5 15. Nxb5 Bxb5 16. cxb5 Rxb5 17. Ra3 Rab8 18. Bc3 Qb6 19. Bxa5 Rxa5 20. Nc4 Rxa3 21. Nxb6 Rxb6 22. Rb1 Ra8 23. h3 Nd7 24. Qe4 Kf8 25. e3 Rb4 26. Qc2 Rab8 27. Bf1 Nb6 28. Qd3 Na4 29. Kg2 c4 30. Qd2 cxb3 31. Bd3 b2 32. Qc2 Nc3 33. Qd2 Nxb1 34. Bxb1 Rc4 35. e4 Rc1 36. Qd3 Rbc8 37. Qa6 Bf6 38. Bd3 Kg7 39. h4 R8c3 40. Bb1 Rxb1 41. Qa2 Ra1 42. Qxb2 Rxg3+ 0-1

[Event "1st FIDE OWCCCC Pools-East 2021"]
[Site "Online"]
[Date "2021.02.20"]
[Round "5.29"]
[White "Franco Gomez, Fernando"]
[Black "Kosteniuk, Oksana"]
[Result "0-1"]
[WhiteElo "1640"]
[BlackElo "2096"]
[Annotator "NA"]
[PlyCount "94"]
[EventDate "2021.02.19"]
[EventType "team-tourn"]
[EventCountry "NET"]
[SourceTitle "playchess.com"]
[Source "ChessBase"]
[SourceQuality "1"]

1. e4 d5 2. exd5 Qxd5 3. Nc3 Qa5 4. d4 Nf6 5. Bd3 c6 6. Nge2 Bg4 7. O-O e6 8. Bf4 Be7 9. Ne4 Qd8 10. c3 O-O 11. Rc1 Nxe4 12. Bxe4 Nd7 13. f3 Bh5 14. Qb3 Nb6 15. Ng3 Bg6 16. Bxg6 hxg6 17. Ne4 Nd5 18. Bg3 b6 19. c4 Nf6 20. Nxf6+ Bxf6 21. Be5 Bxe5 22. dxe5 Qd4+ 23. Kh1 Qxe5 24. Qa4 c5 25. Qc2 Rfd8 26. Rcd1 Qf6 27. b3 Qh4 28. Qe4 Qxe4 29. fxe4 Rd4 30. Rxd4 cxd4 31. Rd1 e5 32. Kg1 f5 33. exf5 gxf5 34. Kf2 Kf7 35. b4 Rc8 36. Rc1 Ke6 37. Ke2 e4 38. a4 Ke5 39. g3 g5 40. h4 gxh4 41. gxh4 f4 42. h5 d3+ 43. Kd2 Kd4 44. c5 e3+ 45. Kd1 f3 46. cxb6 Rxc1+ 47. Kxc1 axb6 0-1

[Event "1st FIDE OWCCCC Pools-East 2021"]
[Site "Online"]
[Date "2021.02.20"]
[Round "5.30"]
[White "Tuvshinbaatar, Dondovdorj"]
[Black "Kavaleuski, Stanislau"]
[Result "0-1"]
[WhiteElo "2180"]
[BlackElo "2250"]
[Annotator "NA"]
[PlyCount "62"]
[EventDate "2021.02.19"]
[EventType "team-tourn"]
[EventCountry "NET"]
[SourceTitle "playchess.com"]
[Source "ChessBase"]
[SourceQuality "1"]

1. d4 e6 2. Bf4 Nf6 3. e3 c5 4. c3 Nc6 5. Nf3 d5 6. Bd3 h6 7. Bg3 Be7 8. Nbd2 c4 9. Bc2 b5 10. a3 a5 11. Ne5 Bb7 12. O-O Nxe5 13. Bxe5 O-O 14. Qf3 Nd7 15. Bg3 f5 16. a4 b4 17. Nxc4 Ba6 18. Nxa5 Qxa5 19. Rfc1 bxc3 20. bxc3 Rfc8 21. Be5 Nxe5 22. dxe5 Qxc3 23. g4 Qxe5 24. gxf5 Bd6 25. Qg2 Rc4 26. Bd3 Rxc1+ 27. Rxc1 Bxd3 28. fxe6 Be4 29. f3 Bxf3 30. Qf2 Rf8 31. h4 Qxe6 0-1

[Event "1st FIDE OWCCCC Pools-East 2021"]
[Site "Online"]
[Date "2021.02.20"]
[Round "5.30"]
[White "Dungl, Martin"]
[Black "Firsov, Stepan"]
[Result "0-1"]
[WhiteElo "2026"]
[BlackElo "1842"]
[Annotator "TA"]
[PlyCount "110"]
[EventDate "2021.02.19"]
[EventType "team-tourn"]
[EventCountry "NET"]
[SourceTitle "playchess.com"]
[Source "ChessBase"]
[SourceQuality "1"]

1. d4 d5 2. c4 dxc4 3. Nf3 c6 4. e3 b5 5. a4 Bb7 6. b3 cxb3 7. axb5 e6 8. Qxb3 Nf6 9. Ne5 c5 10. Ba3 cxd4 11. Bxf8 Kxf8 12. Qb4+ Kg8 13. exd4 Nd5 14. Qb3 f6 15. Nf3 Kf7 16. Bc4 Nd7 17. O-O N7b6 18. Nc3 Nxc4 19. Qxc4 Rc8 20. Qe2 Nxc3 21. Qd3 Qb6 22. Rfe1 Qxb5 23. Qe3 Qb6 24. Rxa7 Rhe8 25. Ra3 Bxf3 26. Rxc3 Rxc3 27. Qxc3 Bd5 28. h3 Rb8 29. Rc1 Qb7 30. Qc7+ Qxc7 31. Rxc7+ Kg6 32. f3 Rb1+ 33. Kf2 Rb2+ 34. Ke3 Rxg2 35. Rc8 Rg3 36. Kf4 Rxf3+ 37. Kg4 h5+ 38. Kh4 Rf4+ 39. Kg3 Rxd4 40. Rc7 e5 41. Rd7 h4+ 42. Kh2 Be6 43. Re7 Bf5 44. Ra7 Rd3 45. Ra6 Rxh3+ 46. Kg2 Rg3+ 47. Kh2 e4 48. Ra5 e3 49. Ra4 Kg5 50. Rb4 e2 51. Rc4 Re3 52. Rg4+ Kxg4 53. Kh1 e1=Q+ 54. Kg2 Qg3+ 55. Kf1 Re1# 0-1

[Event "1st FIDE OWCCCC Pools-East 2021"]
[Site "Online"]
[Date "2021.02.20"]
[Round "5.30"]
[White "Monev, Dejan"]
[Black "Hu, Alexandra"]
[Result "1-0"]
[WhiteElo "1765"]
[BlackElo "1675"]
[Annotator "NA RC"]
[PlyCount "136"]
[EventDate "2021.02.19"]
[EventType "team-tourn"]
[EventCountry "NET"]
[SourceTitle "playchess.com"]
[Source "ChessBase"]
[SourceQuality "1"]

1. e4 c5 2. Nf3 d6 3. d4 cxd4 4. Nxd4 Nf6 5. Nc3 a6 6. f3 e5 7. Nb3 Be6 8. Be3 Be7 9. Nd2 Nbd7 10. Nc4 Qc7 11. Qd3 b5 12. Nd2 Rc8 13. O-O-O Nc5 14. Bxc5 Qxc5 15. Nb3 Bxb3 16. axb3 O-O 17. Rd2 Rfd8 18. Nd5 Nxd5 19. Qxd5 Qxd5 20. Rxd5 Rc5 21. Rxc5 dxc5 22. Be2 h6 23. Rd1 Bg5+ 24. Kb1 Rxd1+ 25. Bxd1 Be3 26. c3 f6 27. Kc2 Kf7 28. Kd3 Bg1 29. h3 Ke6 30. g4 Bh2 31. Be2 Bf4 32. Kc2 Kd6 33. b4 cxb4 34. c4 bxc4 35. Bxc4 a5 36. Kb3 Be3 37. Ka4 Bb6 38. Kb5 Bd8 39. Bd5 g6 40. Bf7 g5 41. Bd5 Bc7 42. b3 Bd8 43. Kc4 a4 44. bxa4 b3 45. Kxb3 Kc5 46. Kc3 Ba5+ 47. Kd3 Be1 48. Bc4 Bf2 49. Bb5 Kb4 50. Bd7 Kb3 51. a5 Kb4 52. a6 Ka5 53. Bc8 Kb6 54. Kc4 Ka7 55. Kd5 Bb6 56. Ke6 Bd8 57. Kf7 Kb8 58. Bb7 Bb6 59. Kxf6 Kc7 60. Kg6 Kd7 61. Kxh6 Ke6 62. Kxg5 Kf7 63. Kf5 Bd4 64. g5 Kg7 65. h4 Kf7 66. h5 Kg7 67. f4 exf4 68. Kxf4 Kf7 1-0

[Event "1st FIDE OWCCCC Pools-East 2021"]
[Site "Online"]
[Date "2021.02.20"]
[Round "5.30"]
[White "Nastasia"]
[Black "Rashoev, Rezo"]
[Result "1-0"]
[WhiteElo "1741"]
[BlackElo "1570"]
[Annotator "NA RC"]
[PlyCount "83"]
[EventDate "2021.02.19"]
[EventType "team-tourn"]
[EventCountry "NET"]
[SourceTitle "playchess.com"]
[Source "ChessBase"]
[SourceQuality "1"]

1. d4 d5 2. c4 e6 3. Nc3 Nf6 4. g3 Be7 5. Bg2 O-O 6. Nf3 c6 7. O-O Nbd7 8. b3 Ne4 9. Qc2 Nxc3 10. Qxc3 Qc7 11. Bf4 Bd6 12. e3 Bxf4 13. gxf4 b6 14. Kh1 Nf6 15. Ne5 Bb7 16. cxd5 Nxd5 17. Bxd5 exd5 18. Rac1 Rac8 19. Rg1 f6 20. Ng4 Kh8 21. Rg3 c5 22. Qd3 c4 23. Qc2 Qd7 24. Rh3 f5 25. Qb1 Kg8 26. Ne5 Qe6 27. Rg1 Kh8 28. Ng6+ Kg8 29. Nxf8 Rxf8 30. Rhg3 g6 31. h4 Kf7 32. h5 Rg8 33. Kh2 b5 34. bxc4 dxc4 35. Qxb5 Bc6 36. Qc5 a6 37. Qa7+ Bd7 38. Rb1 Rd8 39. Rb6 Qe7 40. hxg6+ hxg6 41. Rbxg6 Qh4+ 42. Kg1 1-0

[Event "1st FIDE OWCCCC Pools-East 2021"]
[Site "Online"]
[Date "2021.02.20"]
[Round "5.30"]
[White "Raytsev, Sergey"]
[Black "Feito Cabrero, Andres"]
[Result "1-0"]
[WhiteElo "1740"]
[BlackElo "1633"]
[Annotator "NA"]
[PlyCount "43"]
[EventDate "2021.02.19"]
[EventType "team-tourn"]
[EventCountry "NET"]
[SourceTitle "playchess.com"]
[Source "ChessBase"]
[SourceQuality "1"]

1. e4 e5 2. Nf3 Nc6 3. Bb5 a6 4. Ba4 Nf6 5. O-O Be7 6. c3 b5 7. Bc2 d6 8. d4 exd4 9. Nxd4 Ne5 10. f4 Nc4 11. b3 Nb6 12. e5 dxe5 13. fxe5 Nfd5 14. Qh5 g6 15. Qh6 Bf8 16. Qd2 Bg7 17. Ba3 Bb7 18. e6 Bxd4+ 19. Qxd4 f6 20. e7 Nxe7 21. Qxf6 Qd5 22. Qxe7# 1-0

[Event "1st FIDE OWCCCC Pools-East 2021"]
[Site "Online"]
[Date "2021.02.20"]
[Round "5.31"]
[White "Minald, Andrey"]
[Black "Amgalan, Ganbaatar"]
[Result "1-0"]
[WhiteElo "2091"]
[BlackElo "1949"]
[Annotator "TA"]
[PlyCount "79"]
[EventDate "2021.02.19"]
[EventType "team-tourn"]
[EventCountry "NET"]
[SourceTitle "playchess.com"]
[Source "ChessBase"]
[SourceQuality "1"]

1. d4 d6 2. c4 c6 3. Nf3 Nf6 4. h3 Nbd7 5. Nc3 e5 6. Qc2 Be7 7. g3 O-O 8. Bg2 Qc7 9. O-O Re8 10. b3 Nf8 11. Bb2 Be6 12. e3 Rad8 13. Rad1 Bc8 14. Kh2 Ng6 15. Rfe1 Bf8 16. dxe5 dxe5 17. a3 h6 18. b4 Be6 19. Ne4 Nxe4 20. Qxe4 f5 21. Qc2 e4 22. Nd4 Bc8 23. Ne2 Bd6 24. Nf4 Ne5 25. c5 Bf8 26. Rxd8 Rxd8 27. Rd1 Rxd1 28. Qxd1 Be7 29. Bxe5 Qxe5 30. Bf1 Kh7 31. Bc4 Qb2 32. Kg2 Qe5 33. h4 Bf6 34. h5 Qc3 35. Qe2 Qb2 36. Qd1 Qe5 37. Bf7 Qc7 38. Qb3 Bg5 39. Bg8+ Kh8 40. Ng6# 1-0

[Event "1st FIDE OWCCCC Pools-East 2021"]
[Site "Online"]
[Date "2021.02.20"]
[Round "5.31"]
[White "Lutsyk, Oleksandr"]
[Black "Barta, Miroslav"]
[Result "1-0"]
[WhiteElo "1813"]
[BlackElo "1956"]
[Annotator "NA"]
[PlyCount "45"]
[EventDate "2021.02.19"]
[EventType "team-tourn"]
[EventCountry "NET"]
[SourceTitle "playchess.com"]
[Source "ChessBase"]
[SourceQuality "1"]

1. d4 d5 2. Bf4 Nf6 3. e3 Bf5 4. c4 e6 5. Qb3 b6 6. Nc3 dxc4 7. Bxc4 c6 8. Nf3 Bd6 9. Bg5 h6 10. Bh4 O-O 11. e4 g5 12. exf5 gxh4 13. fxe6 fxe6 14. Bxe6+ Kg7 15. O-O h3 16. Bxh3 Nd5 17. Nxd5 cxd5 18. Ne5 Nd7 19. Nxd7 Re8 20. Ne5 Bxe5 21. dxe5 Rxe5 22. Rae1 Qe7 23. Qg3+ 1-0

[Event "1st FIDE OWCCCC Pools-East 2021"]
[Site "Online"]
[Date "2021.02.20"]
[Round "5.31"]
[White "Courtet, Xavier"]
[Black "Nikolovska, Dragana"]
[Result "0-1"]
[WhiteElo "1598"]
[BlackElo "1877"]
[Annotator "NA RC"]
[PlyCount "56"]
[EventDate "2021.02.19"]
[EventType "team-tourn"]
[EventCountry "NET"]
[SourceTitle "playchess.com"]
[Source "ChessBase"]
[SourceQuality "1"]

1. d4 Nf6 2. Bf4 c5 3. Nf3 g6 4. e3 Bg7 5. Be2 cxd4 6. Nxd4 e5 7. Bxe5 Qa5+ 8. Nc3 Qxe5 9. Ncb5 O-O 10. O-O a6 11. Nc3 Nc6 12. Bf3 d5 13. Re1 Ne4 14. Nce2 Re8 15. Ng3 Nxg3 16. hxg3 Be6 17. c3 Rac8 18. Qc2 Nxd4 19. exd4 Qxd4 20. cxd4 Rxc2 21. Bxd5 Bxd4 22. Kh2 Bxf2 23. Rxe6 fxe6 24. Bxb7 Rxb2 25. Bxa6 Ra8 26. Bc4 Kf7 27. a4 Rb4 28. Bb5 Rxb5 0-1

[Event "1st FIDE OWCCCC Pools-East 2021"]
[Site "Online"]
[Date "2021.02.20"]
[Round "5.31"]
[White "Phitchayarom, Ruja"]
[Black "Mamikonyan, Tigran"]
[Result "0-1"]
[WhiteElo "1489"]
[BlackElo "2308"]
[Annotator "NA"]
[PlyCount "96"]
[EventDate "2021.02.19"]
[EventType "team-tourn"]
[EventCountry "NET"]
[SourceTitle "playchess.com"]
[Source "ChessBase"]
[SourceQuality "1"]

1. d4 d5 2. c4 dxc4 3. Nf3 a6 4. a4 Bf5 5. Nc3 Nf6 6. Bg5 Nbd7 7. e3 h6 8. Bh4 g5 9. Bg3 e6 10. Bxc4 Bg7 11. O-O Ne4 12. Nxe4 Bxe4 13. Qe2 O-O 14. Rac1 c6 15. Nd2 Bg6 16. Rfd1 Nb6 17. Bd3 Bxd3 18. Qxd3 Nxa4 19. Nb3 Nxb2 20. Qe2 Nxd1 21. Qxd1 Qe7 22. Nc5 Rfd8 23. Qb3 b5 24. Ne4 f5 25. Nd6 Rxd6 26. Bxd6 Qxd6 27. h3 Kf7 28. Qa2 Ke7 29. Rc3 Kd7 30. Qc2 a5 31. Qd3 a4 32. Kf1 a3 33. Qd1 a2 34. Rc1 Qa3 35. Ra1 Qb2 36. Qe1 Ra3 37. Qd1 Rb3 38. Rc1 Rc3 39. Ra1 Rc2 40. Rc1 Rxc1 41. Qxc1 Qxc1+ 42. Ke2 Qc2+ 43. Kf3 Qd1+ 44. Kg3 a1=Q 45. d5 Qa2 46. h4 Qde2 47. hxg5 Qxf2+ 48. Kh2 Qxg2# 0-1

[Event "1st FIDE OWCCCC Pools-East 2021"]
[Site "Online"]
[Date "2021.02.20"]
[Round "5.31"]
[White "Mikheil, Mikaeliani"]
[Black "Muratorio, Fabio"]
[Result "1-0"]
[WhiteElo "1443"]
[BlackElo "1220"]
[Annotator "NA"]
[PlyCount "39"]
[EventDate "2021.02.19"]
[EventType "team-tourn"]
[EventCountry "NET"]
[SourceTitle "playchess.com"]
[Source "ChessBase"]
[SourceQuality "1"]

1. e4 e5 2. f4 exf4 3. Nf3 Nc6 4. d4 d5 5. e5 g5 6. Bb5 Bd7 7. O-O Qe7 8. c3 O-O-O 9. a4 a6 10. Bd3 f6 11. Re1 fxe5 12. Nxe5 Nxe5 13. Rxe5 Qg7 14. b4 Bd6 15. Re1 Nf6 16. b5 a5 17. Qb3 f3 18. gxf3 Qh6 19. Ra2 g4 20. Bxh6 1-0

[Event "1st FIDE OWCCCC Pools-East 2021"]
[Site "Online"]
[Date "2021.02.20"]
[Round "5.32"]
[White "Gan-Od, Sereenen"]
[Black "Rouda, Hanna"]
[Result "1-0"]
[WhiteElo "2320"]
[BlackElo "1430"]
[Annotator "NA"]
[PlyCount "37"]
[EventDate "2021.02.19"]
[EventType "team-tourn"]
[EventCountry "NET"]
[SourceTitle "playchess.com"]
[Source "ChessBase"]
[SourceQuality "1"]

1. Nf3 d5 2. d4 Nf6 3. Bf4 e6 4. e3 h6 5. Bd3 Be7 6. O-O O-O 7. Nbd2 b6 8. Bg3 Bb7 9. Ne5 c5 10. c3 Nc6 11. f4 Rc8 12. Qf3 c4 13. Bc2 b5 14. a3 a5 15. f5 exf5 16. Qxf5 Ra8 17. Ng4 Bc8 18. Nxf6+ Bxf6 19. Qh7# 1-0

[Event "1st FIDE OWCCCC Pools-East 2021"]
[Site "Online"]
[Date "2021.02.20"]
[Round "5.32"]
[White "Stankova, Radka"]
[Black "Sikorska, Nataliia"]
[Result "0-1"]
[WhiteElo "1842"]
[BlackElo "1540"]
[Annotator "NA RC"]
[PlyCount "64"]
[EventDate "2021.02.19"]
[EventType "team-tourn"]
[EventCountry "NET"]
[SourceTitle "playchess.com"]
[Source "ChessBase"]
[SourceQuality "1"]

1. e4 e6 2. d4 d5 3. Nd2 c5 4. exd5 Qxd5 5. dxc5 Bxc5 6. Ngf3 Ne7 7. Bc4 Qh5 8. O-O O-O 9. Ne4 Bb6 10. Ng3 Qg4 11. Qe2 Bd7 12. Ne5 Qh4 13. Nxd7 Nxd7 14. Bd2 Rac8 15. Bd3 Nf6 16. Bc3 Ng4 17. h3 Nxf2 18. Rxf2 Qxg3 19. Be1 Nd5 20. Qf3 Qxf3 21. gxf3 Bxf2+ 22. Bxf2 a6 23. c3 Rcd8 24. Be4 Rd7 25. Bd4 Rfd8 26. Re1 Nf4 27. Kh2 f6 28. Kg3 e5 29. Bb6 Rc8 30. Bf5 Rd2 31. Bxc8 Rg2+ 32. Kh4 g5# 0-1

[Event "1st FIDE OWCCCC Pools-East 2021"]
[Site "Online"]
[Date "2021.02.20"]
[Round "5.32"]
[White "Maglio, Fabio"]
[Black "Diasamidze, Mariam"]
[Result "0-1"]
[WhiteElo "1594"]
[BlackElo "2016"]
[Annotator "NA RC"]
[PlyCount "104"]
[EventDate "2021.02.19"]
[EventType "team-tourn"]
[EventCountry "NET"]
[SourceTitle "playchess.com"]
[Source "ChessBase"]
[SourceQuality "1"]

1. e4 g6 2. Nf3 Bg7 3. Bc4 e6 4. d3 d6 5. Nc3 Nf6 6. h3 O-O 7. a3 a6 8. O-O b5 9. Ba2 Bb7 10. Bg5 h6 11. Bd2 Nbd7 12. Nd4 d5 13. exd5 Nxd5 14. Nxd5 Bxd5 15. Bxd5 exd5 16. Nc6 Qf6 17. Nb4 Nb6 18. c3 c5 19. Nc2 Qf5 20. Be3 Na4 21. Rb1 Rad8 22. Ne1 d4 23. cxd4 Bxd4 24. Bxd4 Rxd4 25. Qf3 Qxf3 26. gxf3 Re8 27. Kh2 Re2 28. Kg3 Rxb2 29. Rc1 Rb3 30. Rd1 Nc3 31. Ra1 Ne2+ 32. Kg2 Nf4+ 33. Kg3 Nxd3 34. Nc2 Rd5 35. Ne3 Rg5+ 36. Kh2 Nf4 37. Rfd1 Rh5 38. Rd8+ Kg7 39. Ra8 Nxh3 40. Kg3 Ng5 41. Rxa6 Rh3+ 42. Kg2 Rxf3 43. Rc6 c4 44. Nd5 Rb2 45. Rf1 Rd2 46. Ne7 c3 47. Rb6 c2 48. Rxb5 c1=Q 49. Rxc1 Rfxf2+ 50. Kg3 Rf3+ 51. Kg4 Rg2+ 52. Kh4 Rh3# 0-1

[Event "1st FIDE OWCCCC Pools-East 2021"]
[Site "Online"]
[Date "2021.02.20"]
[Round "5.32"]
[White "Taskovski, Gjorgi"]
[Black "Mathieu, Alexis"]
[Result "1-0"]
[WhiteElo "1579"]
[BlackElo "1530"]
[Annotator "NA RC"]
[PlyCount "71"]
[EventDate "2021.02.19"]
[EventType "team-tourn"]
[EventCountry "NET"]
[SourceTitle "playchess.com"]
[Source "ChessBase"]
[SourceQuality "1"]

1. d4 d5 2. c4 Nf6 3. Nc3 c6 4. Nf3 Bf5 5. e3 Nbd7 6. cxd5 cxd5 7. Be2 e6 8. O-O Qc7 9. Nh4 Ng4 10. Bxg4 Nf6 11. Bxf5 exf5 12. Nxf5 g6 13. Ng3 h5 14. Qf3 O-O-O 15. Qxf6 Bb4 16. Bd2 Rhf8 17. Rfc1 Kb8 18. a3 Bxc3 19. Rxc3 Qb6 20. b4 Qxf6 21. Rac1 h4 22. Ne2 g5 23. R3c2 Qe6 24. b5 f5 25. Ba5 Rde8 26. Bb4 Rg8 27. Rc7 Qe4 28. Bd6 Ka8 29. Rf7 g4 30. Nf4 g3 31. hxg3 hxg3 32. Be5 gxf2+ 33. Kxf2 a6 34. bxa6 bxa6 35. Rcc7 Qb1 36. Ra7# 1-0